| 000 | 00500cam a2200181ua 4500 | ||
|---|---|---|---|
| 020 | _a0-07-451965-4 | ||
| 082 |
_a621.381 5 _bBHA/BA |
||
| 100 |
_aBhargava, N. N . _91446 |
||
| 100 |
_aKulsreshta, D C . _91447 |
||
| 100 |
_aGupta, S C . _91448 |
||
| 245 | _aBasic Electronics and Linear Circuits / | ||
| 250 | _a1 / | ||
| 260 |
_aNew Delhi : _bTata Mc-Graw Hill Publishing Company , _c1984. |
||
| 300 | _a490 ; . | ||
| 490 | 0 | _aTechnical Education series, | |
| 500 | _a*CSS | ||
| 942 | _cBK | ||
| 999 |
_c10372 _d10372 |
||